Geriatric medicine at a glance (Record no. 30471)

MARC details
000 -LEADER
fixed length control field 00540nam a2200181Ia 4500
020 ## - INTERNATIONAL STANDARD BOOK NUMBER
ISBN 9781118597644
050 ## - CALL MARK
Classification number RC 952.5 .B58/
100 ## - STATEMENT OF RESPONSIBILITY--MAIN AUTHOR NAME
Personal name Edited by Adrian Blundell, Adam Gordon.
245 #0 - TITLE STATEMENT
Title Geriatric medicine at a glance
260 ## - PUBLICATION, DISTRIBUTION, ETC. (IMPRINT)
Place of publication United Kingdom
260 ## - PUBLICATION, DISTRIBUTION, ETC. (IMPRINT)
Name of publisher John Wiley & Sons Ltd.
260 ## - PUBLICATION, DISTRIBUTION, ETC. (IMPRINT)
Year of publication 2015
300 ## - PHYSICAL DESCRIPTION
Number of Pages 83 p
650 ## - SUBJECT ADDED ENTRY--TOPICAL TERM
Topical Term Geriatrics--methods. Aged--physiology. Geriatric Assessment. Health Services for the Aged.
942 ## - ADDED ENTRY ELEMENTS (KOHA)
Koha item type Books
Holdings
Withdrawn status Lost status Source of classification or shelving scheme Damaged status Not for loan Permanent Location Current Location Shelving location Date acquired Accession Number Price effective from Koha item type
    Library of Congress Classification     College of Health Sciences Library College of Health Sciences Library Items on shelf 04/23/2025 0193871 04/23/2025 Books